Science Quiz

Random Science Quiz

Brain Anatomy Quiz Stats

Quiz not verified by Sporcle

Challenge
Share
Tweet
Embed
Score 0/35 Timer 15:00
1 Play Today
% Correct
1990's
89.5%
Synapse
82.2%
Axon
78.6%
Occipital lobe
77.9%
Monism
75%
Dendrite
74.3%
Temporal Lobe
73.3%
Olfactory Bulb
71.3%
Dualism
70.5%
Hindbrain
69.3%
Meninges
66%
Amygdala
65.2%
Longitudinal Fissure
64.1%
Parasympathetic Nervous system
63.1%
Central Fissure
61.1%
Sympathetic Nervous System
60.4%
Frontal Lobe
60.2%
Lateral Fissure
59.5%
% Correct
Axon Terminals
58.4%
hippocampus
58.2%
Parietal Lobe
57.9%
Hypothalamus
56.7%
Glial Cells
53.5%
Nerves
53%
Motor neurons
50.8%
Thalamus
49%
Limbic System
46.8%
Mirror Neurons
46.3%
Sensory neurons
45.1%
Tracts
44.3%
Spinal cord
39.6%
Fornix
35.1%
Cerebral Cortex
30.5%
Reticular formation
27.9%
Basal Ganglia
27.1%

You're not logged in!

Compare scores with friends on all Sporcle quizzes.
Join for Free
OR
Log In

You Might Also Like...

Show Comments

Extras

Top Quizzes Today


Score Distribution

Your Account Isn't Verified!

In order to create a playlist on Sporcle, you need to verify the email address you used during registration. Go to your Sporcle Settings to finish the process.

Report this User

Report this user for behavior that violates our Community Guidelines.

Details: